|
|
|
|
| LEADER |
00000nam0a2200000 4500 |
| 001 |
594273 |
| 005 |
20231101131811.0 |
| 029 |
0 |
0 |
|a SU
|b 769-ХП-85
|f ОНИИТЭХим
|
| 035 |
|
|
|a (RuTPU)RU\TPU\tpu\8695
|
| 035 |
|
|
|a RU\TPU\tpu\8694
|
| 090 |
|
|
|a 594273
|
| 100 |
|
|
|a 20020530d1985 m y0rusy50 ca
|
| 101 |
0 |
|
|a rus
|
| 102 |
|
|
|a RU
|
| 105 |
|
|
|a y z 001zy
|
| 200 |
1 |
|
|a Современное состояние методов анализа серебра
|f Ю. А. Карбаинов, Т. Д. Лопатина, А. И. Мамаев
|
| 210 |
|
|
|a Томск
|d 1985
|
| 215 |
|
|
|a 22 с.
|
| 320 |
|
|
|a Библиогр.: 73 назв. - Деп. в ОНИИТЭХим, г. Черкассы, 26.07.85, № 769-ХП-85
|
| 333 |
|
|
|a В фонде НТБ ТПУ отсутствует
|
| 610 |
1 |
|
|a труды учёных ТПУ
|
| 700 |
|
1 |
|a Карбаинов
|b Ю. А.
|c российский электрохимик и электроаналитик
|c профессор Томского политехнического университета
|f 1940-2007
|g Юрий Александрович
|2 stltpush
|3 (RuTPU)RU\TPU\pers\15852
|
| 701 |
|
1 |
|a Лопатина
|b Т. Д.
|c ХТФ
|g Татьяна Денисовна
|2 tpush
|3 (RuTPU)RU\TPU\pers\4125
|
| 701 |
|
1 |
|a Мамаев
|b А. И.
|g Анатолий Иванович
|
| 712 |
0 |
2 |
|a Томский политехнический институт
|
| 801 |
|
2 |
|a RU
|b 63413507
|c 20140301
|g PSBO
|
| 942 |
|
|
|c BK
|